| 000 | 00651nam a2200241Ia 4500 | ||
|---|---|---|---|
| 001 | 9129 | ||
| 005 | 20240113234151.0 | ||
| 007 | ta | ||
| 008 | 050723s1948 a g b000 u eng u | ||
| 040 | _aCotton College,Assam | ||
| 041 | _aeng | ||
| 082 |
_a801 _bD 14 St |
||
| 100 | _aDaiches, D. . | ||
| 245 | 0 |
_aA Study of Literature: For Readers and Critics / _cD. Daiches. _hTextual Documents |
|
| 250 | _a1st ed. / | ||
| 260 |
_aNew York : _bCornell University Press , _c1948. |
||
| 300 |
_av, 240p. : _bill. ; _c21cm . |
||
| 504 | _aIndex | ||
| 653 | _aEnglish-Literature | ||
| 942 |
_2ddc _cBK |
||
| 999 |
_c9116 _d9116 |
||